States With the Least Heart Attacks by Percentage - Statistics

General Stats
  • This quiz has been taken 39 times
  • The average score is 16 of 20
Answer Stats
Heart Disease Death Rate State % Correct
143.1 California
91%
146.2 Florida
91%
141.0 Alaska
88%
127.0 Hawaii
88%
129.8 Colorado
85%
135.0 Oregon
85%
136.1 Washington
85%
152.4 Rhode Island
82%
153.4 South Dakota
82%
150.0 Utah
82%
144.3 Connecticut
79%
151.1 New Hampshire
79%
150.6 New Mexico
79%
140.9 North Dakota
79%
138.9 Arizona
76%
149.5 Maine
76%
134.8 Massachusetts
74%
114.9 Minnesota
74%
140.3 Nebraska
71%
150.7 Virginia
65%
No matching quizzes found
Score Distribution
Percent of People with Each Score
Percentile by Number Answered
Your Score History
You have not taken this quiz